03361nab a2200313 i 4500003000900000005001700009008004100026040001800067072000800085072000800093100001600101100001700117100002000134100001500154100002400169100001800193100002200211100001700233100002400250245012900274500007500403520109300478520111001571650002302681650001802704650002402722773022202746856007902968BR-BrBNA20240618140743.0240618b2015 bl.qr|pooa||| 00| 0 eng | aBR-BrBNAbeng aF60 aQ02 aMatos, D.O. aTironi, F.L. aMartins, D.H.N. aFagg, C.W. aNeto Júnior, N.L. aSimeoni, L.A. aMagalhães, P.O. aSilveira, D. aFonseca-Bazzo, Y.M. aDeterminação de ácido rosmarínico em Cordia verbenacea por cromatografia líquida: aplicabilidade em estudo sazonal aPublicação on-line; 21 ref.; 34 tables; illus.; Summaries (En, Pt) a RESUMO: Neste estudo, uma técnica de cromatografia líquida de alta resolução em fase reversa (CLAE-FR) para a determinação de ácido rosmarínico em Cordia verbenacea foi desenvolvida e validada. A análise de regressão foi avaliada, com observação de uma boa linearidade (r = 0,9997). Os valores obtidos para a precisão e exatidão estão de acordo com as diretrizes do ICH e com a legislação brasileira. Os valores de repetibilidade e precisão intermediária foram 2,79% e 4,76%, respectivamente. Os limites de detecção e de quantificação de ácido rosmarínico foram de 1,92 µg/mL e 5,81 µg/mL, respectivamente. Os resultados mostraram que o método desenvolvido é uma técnica por CLAE-FR de confiança para a determinação de ácido rosmarínico em tintura de C. verbenacea. Além disso, essa metodologia foi aplicada em estudo sazonal, que revela uma correlação positiva relativamente forte entre o período de chuvas e o teor de ácido rosmarínico. Palavras-chave: Cordia verbenacea, ácido rosmarínico, CLAE.  a ABSTRACT: Determination of rosmarinic acid in Cordia verbenacea by liquid chromatography: applicability in seasonal study. In this study, a reverse phase-high performance liquid chromatography (RP-HPLC) technique for determination of rosmarinic acid in the Cordia verbenacea was developed and validated. A regression analysis was performed, with the observation of good linearity (r =0.999949). The values obtained for precision and accuracy determination are in agreement with ICH guidelines and the Brazilian legislation. The values of repeatability and intermediate precision were 2.79% and 4.76%, respectively. The detection and the quantitation limits of the rosmarinic acid were 1.92 µg/mL and 5.81 µg/ mL, respectively. The results demonstrated that the developed method is a reliable RP-HPLC technique for the determination of rosmarinic acid in C. verbenacea tincture. In addition, this methodology was applied at a seasonal study indicating relatively strong positive correlation between the rain period and the rosmarinic acid content. Keywords: Cordia verbenacea, rosmarinic acid, HPLC. aCORDIA VERBENACEAE aCROMATOGRAFIA aCOMPOSTO FENÓLICO0 03543dBotucatu-SP Instituto de Biociências - Departamento de Química e Bioquímica 1998o2024-2330tRevista Brasileira de Plantas Medicinais (Brazil)x1516-0572gv. 17(4 suppl. 2) p. 857-864; (2015)wBR2024001415 uhttps://www.scielo.br/j/rbpm/a/PkrGkmVW4xDqMxMcVvNQ9BK/?format=pdf&lang=pt